Automatizované systémy rezervování míst

Guardado en:
Detalles Bibliográficos
Autor principal: Buchar, Josef
Otros Autores: Hrudka, Zdeněk
Formato: Libro
Lenguaje:checo
Publicado: Praha Nakl. dopr. a spojů 1988
Edición:1. vyd.
Etiquetas: Agregar Etiqueta
Sin Etiquetas, Sea el primero en etiquetar este registro!

MARC

LEADER 00000nam a2200000 4500
001 c038921
005 20221219084953.2
041 0 |a cze 
044 |a CZ 
245 1 0 |a Automatizované systémy rezervování míst  |c Josef Buchar, Zdeněk Hrudka 
250 |a 1. vyd. 
264 1 |a Praha  |b Nakl. dopr. a spojů  |c 1988 
300 |a 65 s. 
100 1 |a Buchar, Josef 
700 1 |a Hrudka, Zdeněk